[Event "CAN-ch U14 Girls"]
[Site "Windsor"]
[Date "2015.07.08"]
[Round "5.44"]
[White "Li, Catherine"]
[Black "Zhou, Lily"]
[Result "1/2-1/2"]
[WhiteElo "1653"]
[BlackElo "1766"]
[PlyCount "60"]
[EventDate "2015.07.06"]
[EventType "swiss"]
[EventRounds "7"]
[EventCountry "CAN"]
[SourceTitle "EXT 2022"]
[Source "ChessBase"]
[SourceDate "2021.10.06"]
[SourceVersion "1"]
[SourceVersionDate "2021.10.06"]
[SourceQuality "1"]

1. e4 c5 2. Nf3 Nc6 3. c4 Nf6 4. Nc3 e5 5. d3 d6 6. Be2 Be7 7. 0-0 0-0 8. h3 Be6 9. a3 a6 10. Rb1 Nd4 11. b4 Rb8 12. Ng5 Bd7 13. Bd2 Ne8 14. Nf3 Nxf3+ 15. Bxf3 Bg5 16. Be1 Nc7 17. Kh1 Ne6 18. Bg4 Nf4 19. Bxd7 Qxd7 20. Qf3 f5 21. Ne2 fxe4 22. dxe4 Rf6 23. Nxf4 Bxf4 24. Qe2 Rh6 25. Rb3 Rf8 26. Bd2 Rhf6 27. Rf3 Bxd2 28. Rxf6 Rxf6 29. Qxd2 Qc6 30. Qd3 Rf4 1/2-1/2

[Event "CAN-ch U14 Girls"]
[Site "Windsor"]
[Date "2015.07.07"]
[Round "3.43"]
[White "Wang, Constance"]
[Black "Li, Catherine"]
[Result "1-0"]
[WhiteElo "1816"]
[BlackElo "1653"]
[PlyCount "77"]
[EventDate "2015.07.06"]
[EventType "swiss"]
[EventRounds "7"]
[EventCountry "CAN"]
[SourceTitle "EXT 2022"]
[Source "ChessBase"]
[SourceDate "2021.10.06"]
[SourceVersion "1"]
[SourceVersionDate "2021.10.06"]
[SourceQuality "1"]

1. e4 c5 2. Nf3 d6 3. d4 cxd4 4. Nxd4 Nf6 5. Nc3 g6 6. Be3 a6 7. Be2 Nbd7 8. Qd2 h5 9. f4 e5 10. fxe5 dxe5 11. Nb3 b5 12. Bf3 Bb7 13. Qd3 Qc7 14. Bg5 Bg7 15. 0-0 Rc8 16. a3 0-0 17. Qe2 Qc4 18. Qe3 Kh7 19. Na5 Qc7 20. Nxb7 Qxb7 21. Rad1 Nb6 22. Be2 Nc4 23. Bxc4 Rxc4 24. Bxf6 Bh6 25. Bg5 Bg7 26. Qe2 a5 27. Nd5 Rc6 28. Nf6+ Bxf6 29. Rxf6 Rc4 30. Re1 Rfc8 31. Qf3 Rf8 32. c3 b4 33. axb4 axb4 34. cxb4 Rxb4 35. Rf1 Kg7 36. Rxg6+ Kxg6 37. Qf6+ Kh7 38. Qh6+ Kg8 39. Bf6 1-0

[Event "CAN-ch U12 Girls"]
[Site "Ottawa"]
[Date "2013.07.12"]
[Round "6"]
[White "Li, Catherine"]
[Black "Zhou, Annika"]
[Result "1-0"]
[WhiteElo "1056"]
[BlackElo "1045"]
[PlyCount "129"]
[EventDate "2013.07.10"]
[EventType "swiss"]
[EventRounds "6"]
[EventCountry "CAN"]
[SourceTitle "EXT 2022"]
[Source "ChessBase"]
[SourceDate "2021.10.06"]
[SourceVersion "1"]
[SourceVersionDate "2021.10.06"]
[SourceQuality "1"]

1. e4 c5 2. Nf3 e6 3. d4 cxd4 4. Nxd4 a6 5. Nc3 d6 6. Be3 Nf6 7. f3 Be7 8. Qd2 Bd7 9. g4 b5 10. h4 Nc6 11. 0-0-0 Rc8 12. h5 b4 13. Nb1 a5 14. g5 Ng8 15. Bb5 Nxd4 16. Bxd7+ Qxd7 17. Bxd4 e5 18. Bxe5 f6 19. gxf6 Nxf6 20. Bxd6 Qxd6 21. Qxd6 Bxd6 22. Rxd6 Nd7 23. f4 Nc5 24. Nd2 0-0 25. f5 Rce8 26. Re1 Rxf5 27. h6 Rg5 28. Nf3 Rg3 29. Nd2 Rc8 30. Kd1 g5 31. e5 Na4 32. e6 Nxb2+ 33. Ke2 Re8 34. Kf2 Rh3 35. e7 Kf7 36. Nf3 g4 37. Ng5+ Kg8 38. Nxh3 gxh3 39. Rd8 Kf7 40. Rxe8 Kxe8 41. Rg1 h2 42. Rh1 Kxe7 43. Rxh2 Nd1+ 44. Ke1 Nc3 45. Rg2 Nxa2 46. Rg7+ Kf6 47. Rxh7 Nc3 48. Ra7 a4 49. h7 a3 50. h8Q+ Kf5 51. Rxa3 bxa3 52. Qxc3 a2 53. Qa5+ Ke4 54. Qxa2 Ke3 55. Qb3+ Kd4 56. Ke2 Ke4 57. Qc4+ Ke5 58. Kf3 Kf5 59. Qd5+ Kf6 60. Kg4 Kg6 61. Qd6+ Kf7 62. Kg5 Kg7 63. Qe7+ Kh8 64. Kg6 Kg8 65. Qe8# 1-0